000 00639nam a2200229Ia 4500
003 OSt
005 20220918192035.0
006 a|||||r|||| 00| 0
007 ta
008 220917b |||||||| |||| 00| 0 eng d
024 _a66,682
037 _cTextual
040 _aARTS
_cARTS
_beng
041 _2eng
_aeng
082 _aR3xK46x, K6
100 _aLeibniz Gottfried Wilhelm
_978174
245 0 _aTheodicy ed by Diogenes Allen tr by E M Huggard
260 _aNew York
_bBobbs-Merrill
_c1966
300 _axx,176p.
_ccm.
942 _hR3xK46x, K6
_cTEXL
_2CC
999 _c192915
_d192915